000 00682nam a2200205 4500
001 131043
003 ES-MaACL
005 20260305162320.0
007 t|
008 070214s1959 sp r ||||1| eng d
100 1 _aRoberts, Cecil.
_997826
245 1 0 _aSelected short stories /
_cCecil Roberts ; edited with an introduction by Charles David Ley.
260 _aMadrid :
_bAlhambra,
_c1959.
300 _a120 p. ;
_c18 cm.
490 1 _aSeries of English Literature (Alhambra
700 1 _aLey, Charles David,
_d1913-1996
_972088
830 0 _aSeries of English Literature (Alhambra)
_9219551
852 _aES-MaACL
_jC-18068
_bR.44631
999 _c131043
_d131043